| 000 | 01431aam a2200373 i 4500 | ||
|---|---|---|---|
| 001 | 016425731 | ||
| 003 | EG-ScBUE | ||
| 005 | 20260330093338.0 | ||
| 008 | 131206s2013 nyua f bd 001 0 eng d | ||
| 020 | _a9780071326414 | ||
| 020 | _a0071326413 | ||
| 035 | _a(StEdNL)5115923 | ||
| 040 |
_aEG-ScBUE _beng _erda _cEG-ScBUE _dEG-ScBUE |
||
| 082 | 0 | 4 |
_a591.7857 _bROB _222 |
| 100 | 1 |
_aRoberts, Larry S., _d1935- _930106 _eauthor. |
|
| 245 | 1 | 0 |
_aFoundations of parasitology / _cLarry S. Roberts, Texas Tech University Emeritus, John Janovy, Jr., University of Nebraska-Lincoln, Steve Nadler, University of California, Davis. |
| 246 | 3 | 3 | _aGerald D. Schmidt and Larry S. Roberts' foundations of parasitology |
| 250 | _aNinth edition. | ||
| 250 | _aInternational student edition. | ||
| 264 | 1 |
_aNew York, NY : _bMcGraw Hill, _c2013. |
|
| 300 |
_axvii, 670 pages : _billustrations ; _c28 cm |
||
| 336 |
_2rdacontent _atext _btxt |
||
| 337 |
_aunmediated _2rdamedia _bn |
||
| 338 |
_avolume _bnc _2rdacarrier |
||
| 500 | _aThis international student edition is for use outside the U.S. | ||
| 500 | _aIncludes glossary. | ||
| 504 | _aIncludes bibliographical references and index. | ||
| 650 | 7 |
_aParasitology _vTextbooks. _936124 _2BUEsh |
|
| 653 |
_bPPhrm _cSeptember2014 |
||
| 655 | _vReading book | ||
| 700 | 1 |
_aJanovy, John, _cJr., _d1937- _936125 _eauthor. |
|
| 700 | 1 |
_aNadler, Steve, _936126 _eauthor. |
|
| 942 |
_2ddc _cBB |
||
| 999 |
_c18423 _d18395 |
||